Requirements for high-school graduation, (Record no. 20943)

MARC details
000 -LEADER
fixed length control field 00830cam a22002411 4500
001 - CONTROL NUMBER
control field e 29000003
003 - CONTROL NUMBER IDENTIFIER
control field DLC
005 - DATE AND TIME OF LATEST TRANSACTION
control field 20260227111218.0
008 - FIXED-LENGTH DATA ELEMENTS--GENERAL INFORMATION
fixed length control field 800130s1928 dcu 000 0 eng c
010 ## - LIBRARY OF CONGRESS CONTROL NUMBER
LC control number e 29000003
035 ## - SYSTEM CONTROL NUMBER
System control number (OCoLC)5924742
040 ## - CATALOGING SOURCE
Original cataloging agency U.S. Off. of educ. Library
Transcribing agency MChB
Modifying agency DLC
043 ## - GEOGRAPHIC AREA CODE
Geographic area code n-us---
050 00 - LIBRARY OF CONGRESS CALL NUMBER
Classification number L111
Item number .A6
051 ## - LIBRARY OF CONGRESS COPY, ISSUE, OFFPRINT STATEMENT
Classification number LB1607
Item number .J53
100 1# - MAIN ENTRY--PERSONAL NAME
Personal name Jessen, Carl Arthur,
Dates associated with a name 1887-
245 10 - TITLE STATEMENT
Title Requirements for high-school graduation,
Statement of responsibility, etc. by Carl A. Jessen, specialist in secondary education, Bureau of education.
260 ## - PUBLICATION, DISTRIBUTION, ETC.
Place of publication, distribution, etc. Washington,
Name of publisher, distributor, etc. U.S. Govt. print. off.,
Date of publication, distribution, etc. 1928.
300 ## - PHYSICAL DESCRIPTION
Extent v, 24 p.
Dimensions 23 cm.
490 0# - SERIES STATEMENT
Series statement [U.S.] Bureau of education. Bulletin, 1928,
Volume/sequential designation no. 21
500 ## - GENERAL NOTE
General note At head of title: Department of the interior ...
650 #0 - SUBJECT ADDED ENTRY--TOPICAL TERM
Topical term or geographic name entry element High schools
General subdivision Graduation requirements.

No items available.

Powered by Koha